U.S. Cities That Have Metro - Statistics

General Stats
  • This quiz has been taken 63 times
  • The average score is 12 of 13
Answers on the Map
Answers color-coded by a green-red scale on the quiz's map according to % correct below.
 
Answer Stats
Answer % Correct
Chicago
100%
Los Angeles
100%
Miami
100%
San Francisco
100%
Boston
98%
New York City
98%
Washington, D.C.
98%
Atlanta
97%
Honolulu
95%
Philadelphia
93%
Baltimore
92%
Cleveland
90%
San Juan
82%
No matching quizzes found
Score Distribution
Percent of People with Each Score
Percentile by Number Answered
Your Score History
You have not taken this quiz